Gosvāmī Tulasīdāsa. (Record no. 52956)

MARC details
000 -LEADER
fixed length control field 00759cam a22002411 4500
001 - CONTROL NUMBER
control field sa 62000484
003 - CONTROL NUMBER IDENTIFIER
control field DLC
005 - DATE AND TIME OF LATEST TRANSACTION
control field 20260227111914.0
008 - FIXED-LENGTH DATA ELEMENTS--GENERAL INFORMATION
fixed length control field 890609s1961 ii b 000 0 hinr
010 ## - LIBRARY OF CONGRESS CONTROL NUMBER
LC control number sa 62000484
035 ## - SYSTEM CONTROL NUMBER
System control number (OCoLC)19844061
040 ## - CATALOGING SOURCE
Original cataloging agency DLC
Transcribing agency WaU
Modifying agency NRU
-- DLC
042 ## - AUTHENTICATION CODE
Authentication code premarc
050 00 - LIBRARY OF CONGRESS CALL NUMBER
Classification number PK2095.T8
Item number Z8
100 1# - MAIN ENTRY--PERSONAL NAME
Personal name Sahāya, Śiva Nandan,
Dates associated with a name 1860-1932.
245 00 - TITLE STATEMENT
Title Gosvāmī Tulasīdāsa.
Statement of responsibility, etc. Lekhaka Śivanandana Sahāya. Sampādaka Śrīnalinavilocana Śarmā.
260 ## - PUBLICATION, DISTRIBUTION, ETC.
Place of publication, distribution, etc. Paṭanā,
Name of publisher, distributor, etc. Bihāra Rāshṭrabhāshā Parishada
Date of publication, distribution, etc. [1961]
300 ## - PHYSICAL DESCRIPTION
Extent 2, 11, 2, 4, 351 p.
Dimensions 25 cm.
500 ## - GENERAL NOTE
General note In Hindi.
504 ## - BIBLIOGRAPHY, ETC. NOTE
Bibliography, etc. note Bibliographical footnotes.
600 00 - SUBJECT ADDED ENTRY--PERSONAL NAME
Personal name Tulasīdāsa,
Dates associated with a name 1532-1623.
700 1# - ADDED ENTRY--PERSONAL NAME
Personal name Śarmā, Nalinavilocana.

No items available.

Powered by Koha